Pagbuo, balidasyon, at kabisaan ng digitized modyul sa piling panitikan ng Luzon sa filipino 7/ (Record no. 82005)
[ view plain ]
| 000 -LEADER | |
|---|---|
| fixed length control field | 02210nam a22002297a 4500 |
| 003 - CONTROL NUMBER IDENTIFIER | |
| control field | URS |
| 005 - DATE AND TIME OF LATEST TRANSACTION | |
| control field | 20250205221247.0 |
| 008 - FIXED-LENGTH DATA ELEMENTS--GENERAL INFORMATION | |
| fixed length control field | 250205b |||||||| |||| 00| 0 eng d |
| 050 00 - LIBRARY OF CONGRESS CALL NUMBER | |
| Classification number | LG 221.R59 |
| Item number | .R7107 2024 |
| 100 1# - MAIN ENTRY--PERSONAL NAME | |
| Personal name | Rosales, Nathaniel Querubin |
| Relator term | Researcher |
| 245 10 - TITLE STATEMENT | |
| Title | <a href="Pagbuo, balidasyon, at kabisaan ng digitized modyul sa piling panitikan ng Luzon sa filipino 7/">Pagbuo, balidasyon, at kabisaan ng digitized modyul sa piling panitikan ng Luzon sa filipino 7/</a> |
| Statement of responsibility, etc | Nathaniel Querubin Rosales |
| 260 #1 - PUBLICATION, DISTRIBUTION, ETC. (IMPRINT) | |
| Date of publication, distribution, etc | 2024 |
| 300 ## - PHYSICAL DESCRIPTION | |
| Extent | xiii, 99 leaves; |
| Other physical details | illustrations, |
| Dimensions | 28cm. |
| 336 ## - CONTENT TYPE | |
| Source | rdacontent |
| Content type term | text |
| 337 ## - MEDIA TYPE | |
| Source | rdamedia |
| Media type term | unmediated |
| 338 ## - CARRIER TYPE | |
| Source | rdacarrier |
| Carrier type term | volume |
| 502 ## - DISSERTATION NOTE | |
| Dissertation note | GS THESIS |
| Degree type | Dalubhasa sa Sining ng Pagtuturo Medyor sa Filipino |
| Name of granting institution | University of Rizal System, Rodriguez, Rizal<br/> |
| Year degree granted | year of 2024 |
| 520 ## - SUMMARY, ETC. | |
| Summary, etc | Ang pag-aaral na ito ay naglalayong makabuo, makabalideyl, at matukoy ang kabisaan ng Digitized Modyul sa Piling Panitikan sa Filipino 7 ng Parada National High School, taong panuruan 2023-2024. Sa pagbuo ng mananaliksik ng digitized modyul, nangalap ng mga kasanayan na kailangang matamo ng mga mag-aaral sa pagsusuri at pagbasa ng panitikan. Sa nilalaman ng digitized modyul, ang mananaliksik ay bumuo ng isang instructional design na may lating isang (11) elemento na nakabatay sa teoryang andragogy ni Malcolm Knoles, Arg disenyo nito ay binuo upang matulungan ang mag-aaral na mapadali ang pag-unawa sa paksang tatalakayin. Pagkatapos, ay pinabaledeyt ang nabuong digitized modyul sa mga gurong eksperto. Tinanggap at nirebisa ng mananaliksk ang mga suhesyon at mungkahi sa digitized modyul maging sa gagamiting mga pagsusulit.<br/><br/>Ang pag-aaral ay gumamit ng pamamaraang eksperimental se pamamagitan ng pre-test at posttest design, mixed methods, sequential explanatory design sa mga guro at mag-aaral na sumalalim sa paarayam Depende sa t-test ang ginamit upang matukoy kung may makabuluhang pagkakaiba ng mga iskor ng pang-una at panghuling pagsusulit ng pangkat bulbol eksperimental at kontrol. Nagsagawa rin ang mananaliksik ng panayam upang matukoy ang pidbak ng mga mag-aaral at guro sa nabuong digitized modyul. |
| 650 ## - SUBJECT ADDED ENTRY--TOPICAL TERM | |
| Source of heading or term | makabuo, makabalideyt, at matukoy - kabisaaan ng Digitized Modyul |
| 700 ## - ADDED ENTRY--PERSONAL NAME | |
| Personal name | Villegas, Roger C., Ph.D. |
| Relator term | Tagapayo |
| 942 ## - ADDED ENTRY ELEMENTS (KOHA) | |
| Source of classification or shelving scheme | Library of Congress Classification |
| Koha item type | Theses and dissertations |
| Withdrawn status | Source of classification or shelving scheme | Damaged status | Not for loan | Home library | Current library | Shelving location | Date acquired | Total Checkouts | Full call number | Barcode | Date last seen | Copy number | Price effective from | Koha item type |
|---|---|---|---|---|---|---|---|---|---|---|---|---|---|---|
| Library of Congress Classification | Not For Loan | Rodriguez College Library | Rodriguez College Library | Graduate School Theses & Dissertations | 02/05/2025 | LG 221.R59 .R7107 2024 | URSROD-GST-0358 | 02/05/2025 | 1 | 02/05/2025 | Theses and dissertations | |||
| Library of Congress Classification | Not For Loan | Rodriguez College Library | Rodriguez College Library | Graduate School Theses & Dissertations | 02/05/2025 | LG 221.R59 .R7107 2024 | URSROD-GST-0359 | 02/05/2025 | 2 | 02/05/2025 | Theses and dissertations |